|
|
|
|
| LEADER |
00561cam a2200169 a 4500 |
| 020 |
|
|
|a 9780415558426
|
| 082 |
0 |
0 |
|a 302.23
|b BRA/M
|
| 100 |
1 |
|
|a Branston, Gill.
|
| 245 |
1 |
4 |
|a Media student's book
|
| 250 |
|
|
|a 5th ed.
|
| 260 |
|
|
|a London ;
|a New York :
|b Routledge,
|c 2010.
|
| 300 |
|
|
|a xxv, 457 p. :
|b ill. (mostly col.) ;
|
| 650 |
|
0 |
|a Mass media.
|
| 700 |
1 |
|
|a Stafford, Roy.
|
| 942 |
|
|
|c BK
|
| 999 |
|
|
|c 34771
|d 34771
|
| 952 |
|
|
|0 0
|1 0
|4 0
|6 302_230000000000000_BRAM
|7 0
|8 Stack
|9 36783
|a KUCL
|b KUCL
|c Stack
|d 2015-09-17
|l 1
|m 1
|o 302.23 BRA/M
|p 33773
|r 2019-11-01
|s 2019-09-04
|w 2015-09-17
|y BK
|